Name That NBC Sitcom (1980-present) Quiz Stats

 Plays Quiz Updated Jan 13, 2012

Also try: Name That Sitcom
Challenge
Share
Tweet
Embed
Score 0/40 Timer 10:00
0 Plays Today
Show Synopsis Sitcom % Correct
The happenings at a downtown Boston bar.Cheers
94.7%
Four senior citizen ladies enjoy the single life in Miami, Florida.The Golden Girls
92%
A gay man and a straight woman are closely bonded friends.Will & Grace
87.8%
The lives (and loves) of six companions in New York City.Friends
87.8%
A Philadelphia teen is sent to live with his wealthy aunt and uncle in California.The Fresh Prince of Bel-Air
86.9%
A radio psychiatrist lives with his irascible ex-cop father (and his dog!).Frasier
82.2%
The daily interactions at a lowly paper company in Scranton, PA.The Office
81.9%
This show is about nothing.Seinfeld
81%
The work of medical interns at the wacky Sacred Heart Hospital.Scrubs
80.2%
The zany inner-workings of an NBC sketch comedy show.30 Rock
76.3%
A doctor and a lawyer raise their five children in Brooklyn, New York.The Cosby Show
71.6%
A group of aliens on a mission to blend in and study human life.3rd Rock From the Sun
65.8%
The story of the people who work at the Nantucket Air Terminal.Wings
63.3%
An alien crash lands in the yard of a suburban family's home.ALF
56.1%
A wealthy white man adopts the two African-American sons of his late friend.*Diff'rent Strokes
56.1%
A man tries to change his Karma by going through all his wrongs and making them right.My Name Is Earl
53.3%
The lively misadventures of a group of teenagers at a Southern California high school.Saved By the Bell
51.2%
The inner-workings of a small mid-western town's government office.Parks and Recreation
48.3%
The legal business of New York's after hours arraignments.Night Court
47.1%
Chronicling the life of a young(ish) married couple in New York City.Mad About You
47%
Show Synopsis Sitcom % Correct
The antics of a college study group.Community
44.2%
The antics of the workers at the high-fashion magazine, BLUSH.Just Shoot Me!
41.6%
The goings-on at the upstate New York Eastland School for Girls.*The Facts of Life
37.6%
The lives of the students and faculty at the prestigious Hillman University.A Different World
31.8%
The beyond the mike adventures at the WNYX station.NewsRadio
31.5%
An abandoned girl finds a home with an irascible older gentleman.Punky Brewster
31.1%
The adventures of a lovelorn Manhattan cartoonist and her friends.Caroline In the City
29.3%
The lives of two people, who fell in love in the 1960s, and their children in Columbus, Ohio.Family Ties
29.1%
A young girl discovers her late mother was involved with more than one guy at the time of her conception.My Two Dads
24.7%
A widowed pediatrician deals with the single life and his two grown daughters.Empty Nest
23.7%
The life of a teenage girl living with her father and two brothers.Blossom
22.4%
A shyster-lawyer is also the deacon of a striving Community Church in Philadelphia's inner-city.Amen
21.9%
A young boy meets the father he never knew, a wealthy eccentric.Silver Spoons
21.1%
The work-a-day world of a lingerie company.Veronica's Closet
20.7%
A woman and her pilot husband raise their three boys, however she dies and her sister-in-law takes over.The Hogan Family
20.4%
A sassy black woman is the nanny to a cop and his three daughters.Gimme a Break!
16.7%
A man recovering from a divorce goes to a weekly support group.Dear John
15.9%
The lives of the ladies of a Washington DC middle-class apartment building.227
14.8%
The adventures of a frazzled San Francisco advice columnist.Suddenly Susan
13.4%
The regular grind for medical workers in a Miami hospital.Nurses
4.4%

You're not logged in!

Compare scores with friends on all Sporcle quizzes.
Join for Free
OR
Log In

You Might Also Like...

Show Comments

Extras

Top Quizzes Today


Score Distribution

Your Account Isn't Verified!

In order to create a playlist on Sporcle, you need to verify the email address you used during registration. Go to your Sporcle Settings to finish the process.

Report this User

Report this user for behavior that violates our Community Guidelines.

Details: